| 000 | 00443 a2200157 4500 | ||
|---|---|---|---|
| 003 | OSt | ||
| 005 | 20231108122130.0 | ||
| 008 | 231108b |||||||| |||| 00| 0 eng d | ||
| 040 | _coclc | ||
| 082 |
_a920 _bKUT/O |
||
| 100 |
_aKuttassery, P Mohammed _93714 |
||
| 245 |
_aOrmayude Olangalil/ _cP Muhammed Kuttasseri |
||
| 260 |
_aKerala: _bYuvatha, _c2017. |
||
| 300 | _a160p | ||
| 942 |
_2ddc _cBK _h920 _iKUT/O _k920 _mKUT/O |
||
| 999 |
_c42956 _d42956 |
||